000 00222nam a22000857a 4500
008 170203b xxu||||| |||| 00| 0 eng d
100 _92773
_aGupta.S.K.etal.
245 _aGeneral Klnowledge-7
260 _aNew Delhi
_bS.Chand
_c2010
999 _c5965
_d5965